Bibliographie der Ingolstädter Drucker des 16. Jahrhunderts 6. Lieferung

Bibliographic Details
Main Author: Stalla, Gerhard (Author)
Format: Book
Language:Undetermined
PhysicalDescription:S. 411-490
Published: Baden-Baden Verlag Valentin Koerner 1976
Edition:1. nem. vyd.

MARC

LEADER 00000nam a2200000 a 4500
001 vtls001464490
003 SK-MaSNL
005 20260301163337.0
008 240314s1976 xx 0 und
035 |a SNK000419795 
040 |a SNK  |b slo  |c SNK  |e AACR2 
100 1 |a Stalla, Gerhard  |4 aut  |9 394474 
245 1 0 |a Bibliographie der Ingolstädter Drucker des 16. Jahrhunderts  |b 6. Lieferung 
250 |a 1. nem. vyd. 
260 |a Baden-Baden  |b Verlag Valentin Koerner  |c 1976 
300 |a S. 411-490 
958 |a OND 
999 |c 816736  |d 818666 
952 |a SNK  |b SNK  |c SNK_STHKF  |y PREZ  |7 0  |p 17A0406863  |o snkIC 52470/6  |i snkV 2253/76  |8 2  |0 0  |1 0  |4 0  |d 2003-12-01  |l 0  |r 2005-01-02 00:00:00  |w 2026-02-24